[Event "Moscow Open 2009 A"]
[Site ""]
[Date "2009.02.06"]
[Round "7.119"]
[White "Kurdakov, Yuri"]
[Black "Sidorovsky, Evgeny"]
[Result "1/2-1/2"]
[WhiteElo "2277"]
[BlackElo "1400"]
[Annotator ""]
[Source ""]
[Remark ""]

1.Nf3 d5 2.g3 Nf6 3.Bg2 g6 4.O-O Bg7 5.d3 O-O 6.Nbd2 c6 7.e4
dxe4 8.dxe4 Qc7 9.Re1 Bg4 10.h3 Bxf3 11.Qxf3 e5 12.a4 Re8 13.Nc4
c5 14.c3 Nc6 15.Bg5 Re6 16.a5 Rd8 17.h4 h6 18.Be3 Nd4 19.cxd4
cxd4 20.b3 dxe3 21.Qxe3 Rd4 22.Rad1 Qd8 23.Bf3 Kh7 1/2-1/2

[Event "Moscow Open 2009 A"]
[Site ""]
[Date "2009.02.06"]
[Round "7.120"]
[White "Bochkov, Mikhail"]
[Black "Vorobjov, Denis S"]
[Result "0-1"]
[WhiteElo "1400"]
[BlackElo "2259"]
[Annotator ""]
[Source ""]
[Remark ""]

1.c4 e6 2.Nc3 b6 3.e4 Bb7 4.g3 f5 5.d3 Nf6 6.Bg2 Bb4 7.f3 O-O
8.e5 Ne8 9.Nge2 d6 10.Nf4 Qd7 11.d4 dxe5 12.dxe5 Qxd1+ 13.Kxd1
Kf7 14.Bd2 Nc6 15.a3 Be7 16.Re1 Rd8 17.b4 g5 18.Nxe6 Kxe6 19.f4
gxf4 20.Bd5+ Kd7 21.Bxf4 Kc8 22.Kc1 Nd4 0-1

[Event "Moscow Open 2009 A"]
[Site ""]
[Date "2009.02.06"]
[Round "7.121"]
[White "Kolomensky, Vladimir"]
[Black "Terekhov, Konstantin"]
[Result "1-0"]
[WhiteElo "2253"]
[BlackElo "2228"]
[Annotator ""]
[Source ""]
[Remark ""]

1.e4 c6 2.d4 d5 3.Nd2 dxe4 4.Nxe4 Bf5 5.Ng3 Bg6 6.h4 h6 7.Nf3
Nd7 8.h5 Bh7 9.Bd3 Bxd3 10.Qxd3 Ngf6 11.Bf4 Qa5+ 12.Bd2 Qc7 13.O-O-O
e6 14.Qe2 O-O-O 15.Ne5 Nb8 16.Rh4 c5 17.dxc5 Nc6 18.Nd3 e5 19.Bc3
Nd7 20.Re4 Re8 21.f4 f6 22.Nf5 Rd8 23.Nd6+ Bxd6 24.cxd6 Qxd6
25.Nb4 Qc7 26.Nd5 Qd6 27.Bb4 Qe6 28.f5 Qe8 29.Rc4 1-0

[Event "Moscow Open 2009 A"]
[Site ""]
[Date "2009.02.06"]
[Round "7.122"]
[White "Yeo, Michael J"]
[Black "Omariev, Maksim"]
[Result "1/2-1/2"]
[WhiteElo "2120"]
[BlackElo "2248"]
[Annotator ""]
[Source ""]
[Remark ""]

1.e4 c5 2.Nf3 d6 3.d4 cxd4 4.Nxd4 Nf6 5.Nc3 a6 6.Bg5 e6 7.f4
Be7 8.Qf3 h6 9.Bh4 Qc7 10.O-O-O Nbd7 11.Be2 O-O 12.g4 b5 13.Bxf6
Bxf6 14.h4 Qb6 15.Qe3 b4 16.Na4 Qa5 17.b3 Nc5 18.e5 Nxa4 19.exf6
Nc3 20.fxg7 Kxg7 21.f5 Qe5 22.f6+ Qxf6 23.g5 Qe5 24.Rd3 Bb7 25.Bf3
Qxe3+ 26.Rxe3 Bxf3 27.gxh6+ Kxh6 28.Rxf3 Nxa2+ 29.Kb2 Nc3 30.Rg1
Ne4 31.Rf4 d5 32.Rfg4 1/2-1/2

[Event "Moscow Open 2009 A"]
[Site ""]
[Date "2009.02.06"]
[Round "7.123"]
[White "Demin, Alexandr"]
[Black "Ezhikov, Vitaly"]
[Result "0-1"]
[WhiteElo "2417"]
[BlackElo "2136"]
[Annotator ""]
[Source ""]
[Remark ""]

1.e4 c6 2.d4 d5 3.Nc3 dxe4 4.Nxe4 Bf5 5.Ng3 Bg6 6.h4 h6 7.Nf3
Nd7 8.h5 Bh7 9.Bd3 Bxd3 10.Qxd3 Qc7 11.Bd2 Ngf6 12.c4 e6 13.O-O-O
O-O-O 14.Qc2 Bd6 15.Rh4 c5 16.dxc5 Nxc5 17.b4 Nd3+ 18.Kb1 Nxf2
19.Nf1 Nxd1 20.c5 Bf4 21.Qxd1 Ne4 22.c6 0-1

[Event "Moscow Open 2009 A"]
[Site ""]
[Date "2009.02.06"]
[Round "7.124"]
[White "Skvortsov, Mikhail S"]
[Black "Meribanov, Vitaly"]
[Result "0-1"]
[WhiteElo "2373"]
[BlackElo "2125"]
[Annotator ""]
[Source ""]
[Remark ""]

1.d4 Nf6 2.Bg5 g6 3.Nd2 d5 4.e3 Bg7 5.Bd3 O-O 6.Ngf3 b6 7.c3
Bb7 8.Ne5 Ne4 9.Bf4 Nd7 10.Ndf3 Nb8 11.h4 f6 12.Ng4 Qd7 13.Nh6+
Kh8 14.g4 Nc6 15.g5 e5 16.dxe5 fxe5 17.Nxe5 Bxe5 18.Bxe4 Bxf4
19.exf4 Rae8 20.f3 Qd6 0-1

[Event "Moscow Open 2009 A"]
[Site ""]
[Date "2009.02.06"]
[Round "7.125"]
[White "Kaljaev, Viacheslav"]
[Black "Seliverstov, Vladimir"]
[Result "1-0"]
[WhiteElo "2106"]
[BlackElo "2303"]
[Annotator ""]
[Source ""]
[Remark ""]

1.e4 c5 2.Nf3 g6 3.c3 d5 4.e5 Nc6 5.d4 Bg4 6.Be2 Nh6 7.dxc5 e6
8.Nd4 Bxe2 9.Qxe2 Nf5 10.Nxc6 bxc6 11.b4 Bg7 12.b5 Qa5 13.a4
Nd4 14.Qb2 Bxe5 15.O-O Nf5 16.Qe2 Bg7 17.Bd2 Qc7 18.Ra3 O-O 19.g4
Ne7 20.Be3 e5 21.b6 Qd7 22.a5 f5 23.f3 e4 24.a6 exf3 25.Rxf3
Qe6 26.b7 1-0

[Event "Moscow Open 2009 A"]
[Site ""]
[Date "2009.02.06"]
[Round "7.126"]
[White "Kim, Timur"]
[Black "Zhadanov, Nikolay"]
[Result "0-1"]
[WhiteElo "2010"]
[BlackElo "2226"]
[Annotator ""]
[Source ""]
[Remark ""]

1.d4 Nf6 2.c4 g6 3.Nc3 d5 4.e3 Bg7 5.Nf3 O-O 6.Be2 dxc4 7.Bxc4
c5 8.O-O cxd4 9.Nxd4 a6 10.a4 b6 11.Be2 e5 12.Nf3 Nbd7 13.Qc2
Bb7 14.Rd1 Qc7 15.Bd2 Rac8 16.Rac1 Rfd8 17.Qb1 Qb8 18.Be1 Bf8
19.Nd2 Kg7 20.h3 Re8 21.e4 Bb4 22.f3 Nc5 23.Qa2 Rcd8 24.Nb3 Ne6
25.Bf2 Nf4 26.Bf1 Bc8 27.Na1 Ne6 28.Nc2 Bc5 29.Bxc5 bxc5 30.Bc4
Rxd1+ 31.Rxd1 Nd4 32.Nxd4 cxd4 33.Ne2 Be6 34.Bxe6 Rxe6 35.Nc1
Rc6 36.Nd3 Rc2 37.Qb1 Qb3 38.Kh1 Nd7 39.a5 Nc5 40.Rc1 Rxc1+ 41.Nxc1
Qd1+ 42.Kh2 d3 43.b4 d2 0-1

[Event "Moscow Open 2009 A"]
[Site ""]
[Date "2009.02.06"]
[Round "7.127"]
[White "Kotov, Alexander"]
[Black "Kanygin, Nikolai N"]
[Result "1-0"]
[WhiteElo "2203"]
[BlackElo "2106"]
[Annotator ""]
[Source ""]
[Remark ""]

1.d4 Nf6 2.c4 e6 3.Nf3 Bb4+ 4.Nbd2 Ne4 5.g3 O-O 6.Bg2 f5 7.O-O
Nxd2 8.Bxd2 Bxd2 9.Qxd2 d6 10.Rfd1 Nd7 11.e4 fxe4 12.Ng5 Nf6
13.Nxe4 Nxe4 14.Bxe4 Qf6 15.Qe3 a5 16.Rd2 Rb8 17.Re1 b6 18.f4
Bd7 19.Bg2 Rbe8 20.h4 Re7 21.c5 Rfe8 22.cxd6 cxd6 23.Qb3 b5 24.Qa3
e5 25.dxe5 dxe5 26.Rxe5 Rxe5 27.fxe5 Qb6+ 28.Kh2 b4 29.Qd3 Be6
30.a3 Qc5 31.Bd5 Bxd5 32.Qxd5+ Qxd5 33.Rxd5 bxa3 34.bxa3 Ra8
35.a4 Kf7 36.Kg2 Ke6 37.Rb5 h5 38.Kf3 Kf5 39.Ke3 Kg4 40.e6 Kxg3
41.Rg5+ Kxh4 1-0

[Event "Moscow Open 2009 A"]
[Site ""]
[Date "2009.02.06"]
[Round "7.128"]
[White "Gorin, Alexandr"]
[Black "Galkin, Vladimir"]
[Result "0-1"]
[WhiteElo "2004"]
[BlackElo "2194"]
[Annotator ""]
[Source ""]
[Remark ""]

1.d4 d5 2.Nf3 Nf6 3.g3 c6 4.Bg2 Bg4 5.O-O e6 6.Ne5 Bh5 7.Nd3
Bd6 8.Nf4 Bg4 9.Nc3 O-O 10.f3 Bf5 11.e4 dxe4 12.Nxe4 Be7 13.c3
Nbd7 14.Qb3 Qc7 15.Nxf6+ Nxf6 16.g4 Bg6 17.Nxg6 hxg6 18.Be3 e5
19.d5 cxd5 0-1

[Event "Moscow Open 2009 A"]
[Site ""]
[Date "2009.02.06"]
[Round "7.130"]
[White "Semin, Gennadiy"]
[Black "Mingaleev, Ildar"]
[Result "0-1"]
[WhiteElo "2171"]
[BlackElo "2009"]
[Annotator ""]
[Source ""]
[Remark ""]

1.d4 d5 2.c4 e6 3.Nc3 Nf6 4.Bg5 Nbd7 5.Nf3 Be7 6.Qc2 O-O 7.e3
h6 8.Bf4 c6 9.cxd5 exd5 10.h3 b6 11.Bd3 Bb7 12.O-O a6 13.Rfe1
Re8 14.Rad1 c5 15.Bf1 c4 16.g4 b5 17.Bg2 b4 18.Ne2 Rc8 19.Ng3
Bf8 20.Ne5 g5 21.Nxd7 Nxd7 22.Be5 Nxe5 23.dxe5 Rxe5 24.Nf5 Qe8
25.Bf3 Bc6 26.Kg2 Ba4 27.b3 cxb3 28.Qe2 bxa2 0-1

[Event "Moscow Open 2009 A"]
[Site ""]
[Date "2009.02.06"]
[Round "7.131"]
[White "Marchuk, Maxim"]
[Black "Seliverstov, Vitaliy"]
[Result "1/2-1/2"]
[WhiteElo "1400"]
[BlackElo "2156"]
[Annotator ""]
[Source ""]
[Remark ""]

1.Nf3 b6 2.g3 Bb7 3.Bg2 e6 4.O-O Nf6 5.c4 Be7 6.Nc3 O-O 7.b3
c5 8.Bb2 a6 9.d4 cxd4 10.Nxd4 Bxg2 11.Kxg2 Qc7 12.e4 d6 13.f3
Nbd7 14.g4 Ne5 15.Rc1 Qb7 16.h4 Nfd7 17.g5 Nc5 18.Rc2 Rfe8 19.Ba1
Rad8 20.Qe2 Bf8 21.a3 Ned3 22.Qe3 a5 23.Rb1 Ne5 24.f4 Nc6 25.b4
axb4 26.axb4 Nd7 27.Ncb5 Nxd4 28.Qxd4 Qc6 29.Rd2 d5 30.exd5 exd5
31.Rbd1 Nb8 32.Nc3 dxc4+ 33.Nd5 Rd6 34.Kg3 Rde6 35.b5 Qc8 36.Rc1
Re4 37.Nf6+ gxf6 38.Qxf6 Re3+ 39.Kf2 Rf3+ 40.Kxf3 Qh3+ 1/2-1/2

[Event "Moscow Open 2009 A"]
[Site ""]
[Date "2009.02.06"]
[Round "7.132"]
[White "Shefer, Alexander"]
[Black "Popilski, Mordechai"]
[Result "1-0"]
[WhiteElo "2146"]
[BlackElo "1400"]
[Annotator ""]
[Source ""]
[Remark ""]

1.d4 d6 2.Nf3 Nf6 3.c4 g6 4.Nc3 Bg7 5.g3 O-O 6.Bg2 Nbd7 7.O-O
c6 8.e4 e5 9.d5 Nb6 10.dxc6 bxc6 11.c5 dxc5 12.Nxe5 Qc7 13.Nxc6
Ba6 14.Re1 Qxc6 15.e5 Qc7 16.Bxa8 Rxa8 17.exf6 Bxf6 18.Bf4 Qc6
19.Qd6 Qxd6 20.Bxd6 Nc4 21.Bxc5 Nxb2 22.Nd5 Bg7 23.Nc7 Nd3 24.Nxa8
Bxa1 25.Rxa1 Nxc5 1-0

[Event "Moscow Open 2009 A"]
[Site ""]
[Date "2009.02.06"]
[Round "7.134"]
[White "Galiaev, Andrey"]
[Black "Dambiev, Fedor"]
[Result "1-0"]
[WhiteElo "2288"]
[BlackElo "1400"]
[Annotator ""]
[Source ""]
[Remark ""]

1.e4 c5 2.c3 d6 3.d4 cxd4 4.cxd4 a6 5.Nf3 Nf6 6.Nc3 g6 7.Bg5
Bg7 8.Qd2 Ng8 9.b4 h6 10.Be3 Bg4 11.Be2 Bd7 12.Rc1 b5 13.e5 Nc6
14.exd6 exd6 15.Bf4 Nf6 16.Bxd6 Bf5 17.Bc5 Ne7 18.O-O O-O 19.Rfd1
Re8 20.d5 Ne4 21.Nxe4 Bxe4 22.d6 Nd5 23.Ne1 Qd7 24.Bf3 Nf6 25.Bxe4
Nxe4 26.Qd3 Be5 27.g3 Ng5 28.f4 Nh3+ 29.Kf1 Bg7 30.Qf3 g5 31.f5
Rac8 32.Rd5 g4 33.Qxg4 Ng5 34.Nd3 Re4 35.Nf4 Rce8 36.Bb6 Rc4
37.Rxc4 bxc4 38.h4 Ne4 39.Nh5 f6 40.Nxg7 c3 41.Nxe8+ Kh8 42.Qxe4
h5 43.Qe7 c2 44.Qf8+ Kh7 45.Nxf6# 1-0

[Event "Moscow Open 2009 A"]
[Site ""]
[Date "2009.02.06"]
[Round "7.135"]
[White "Matjukhin, Anatolij"]
[Black "Mukashev, Assan"]
[Result "1-0"]
[WhiteElo "1400"]
[BlackElo "2071"]
[Annotator ""]
[Source ""]
[Remark ""]

1.d4 Nf6 2.c4 e6 3.Nc3 d5 4.cxd5 exd5 5.Bg5 Be7 6.e3 c5 7.dxc5
Qa5 8.Bb5+ Bd7 9.Qa4 Qxa4 10.Bxa4 Na6 11.Bxd7+ Kxd7 12.O-O-O
Nxc5 13.Bxf6 Bxf6 14.Nxd5 Kc6 15.Nxf6 gxf6 16.Ne2 Rad8 17.Rxd8
Rxd8 18.Nf4 Rg8 19.g3 Ne4 20.Rf1 f5 21.Kc2 Rd8 22.Nd3 Kd5 23.f3
Nd6 24.b3 Re8 25.Kd2 h5 26.h4 Rg8 27.Nf4+ Kc5 28.Nxh5 1-0

[Event "Moscow Open 2009 A"]
[Site ""]
[Date "2009.02.06"]
[Round "7.136"]
[White "Kapustin, Nikolay"]
[Black "Nefedov, Oleg"]
[Result "0-1"]
[WhiteElo "1678"]
[BlackElo "1400"]
[Annotator ""]
[Source ""]
[Remark ""]

1.e4 c6 2.Nc3 d5 3.exd5 cxd5 4.d4 Bf5 5.Bb5+ Nc6 6.Be3 e6 7.a3
Nge7 8.g4 Bg6 9.f4 h5 10.g5 Nf5 11.Bxc6+ bxc6 12.Bf2 Bd6 13.Nge2
Qc7 14.Qd2 O-O 15.Rf1 Rab8 16.Nd1 Rfc8 17.Bg1 c5 18.dxc5 Bxc5
19.Bxc5 Qxc5 20.c3 Rb3 21.Ng3 Nd6 22.Qf2 Qc7 23.Qe2 h4 24.Rh1
hxg3 0-1

[Event "Moscow Open 2009 A"]
[Site ""]
[Date "2009.02.06"]
[Round "7.137"]
[White "Margulis, Daniil"]
[Black "Markevich, Arseniy"]
[Result "0-1"]
[WhiteElo "1400"]
[BlackElo "2116"]
[Annotator ""]
[Source ""]
[Remark ""]

1.e4 e6 2.d4 d5 3.Nc3 Nf6 4.Bg5 Be7 5.e5 Ne4 6.Bxe7 Nxc3 7.bxc3
Qxe7 8.Bd3 Qa3 9.Ne2 c5 10.dxc5 Qxc5 11.Qd2 Nd7 12.Qg5 O-O 13.Qh4
f5 14.Qf4 Qc7 15.O-O Qxe5 16.Rfe1 Qxf4 17.Nxf4 Nc5 18.Re3 Bd7
19.Rae1 Rac8 20.h3 Nxd3 21.Rxd3 Kf7 22.Ree3 Rc4 23.Rd4 Rfc8 24.Ne2
Rxd4 25.Nxd4 Rc4 26.Nb3 b6 27.Kf1 Bb5 28.Ke1 f4 29.Rf3 Re4+ 30.Kd2
Be2 0-1

[Event "Moscow Open 2009 A"]
[Site ""]
[Date "2009.02.07"]
[Round "8.25"]
[White "Kharlov, Andrei"]
[Black "Kobalia, Mikhail"]
[Result "1/2-1/2"]
[WhiteElo "2511"]
[BlackElo "2634"]
[Annotator ""]
[Source ""]
[Remark ""]

1.d4 d5 2.Nf3 Nf6 3.c4 c6 4.Nc3 a6 5.cxd5 cxd5 6.Qb3 Nc6 7.Bg5
Na5 8.Qc2 Bd7 9.e3 Rc8 10.Bd3 e6 11.Bxh7 b5 12.a3 Nc4 13.Bd3
Nxa3 14.Qe2 Qb6 15.O-O Nc4 16.Rfc1 Be7 17.Ne5 Nxe5 18.dxe5 Ne4
19.Bxe7 Nxc3 20.Qg4 Kxe7 21.Qxg7 Rhg8 22.Qf6+ Ke8 23.bxc3 Bc6
24.Bh7 Rf8 25.h4 Bd7 26.Bd3 Rg8 27.h5 d4 28.cxd4 1/2-1/2

[Event "Moscow Open 2009 A"]
[Site ""]
[Date "2009.02.07"]
[Round "8.26"]
[White "Onischuk, Vladimir"]
[Black "Li, Chao B"]
[Result "1/2-1/2"]
[WhiteElo "2487"]
[BlackElo "2628"]
[Annotator ""]
[Source ""]
[Remark ""]

1.e4 c5 2.Nf3 d6 3.d4 cxd4 4.Nxd4 Nf6 5.Nc3 Nc6 6.Be2 e5 7.Nf3
h6 8.O-O Be7 9.Re1 O-O 10.h3 a6 11.a4 Be6 12.Bf1 Rc8 13.Re3 Nb4
14.Bd2 Nd7 15.a5 Nc5 1/2-1/2

[Event "Moscow Open 2009 A"]
[Site ""]
[Date "2009.02.07"]
[Round "8.27"]
[White "Kuzubov, Yuriy"]
[Black "Yandemirov, Valeri"]
[Result "1/2-1/2"]
[WhiteElo "2626"]
[BlackElo "2474"]
[Annotator ""]
[Source ""]
[Remark ""]

1.Nf3 Nf6 2.c4 g6 3.Nc3 d5 4.cxd5 Nxd5 5.Qa4+ Bd7 6.Qh4 Nxc3
7.bxc3 Bg7 8.Rb1 Bc6 9.e4 e6 10.Qxd8+ Kxd8 11.Bd3 b6 12.Bc2 Nd7
13.d4 Bb7 14.O-O f6 15.Rd1 Ke7 16.Nd2 Rhd8 17.f3 Kf7 18.Kf2 Bf8
19.a4 Ba6 20.Bb3 1/2-1/2

[Event "Moscow Open 2009 A"]
[Site ""]
[Date "2009.02.07"]
[Round "8.28"]
[White "Khalifman, Alexander"]
[Black "Danin, Alexandre"]
[Result "1/2-1/2"]
[WhiteElo "2622"]
[BlackElo "2465"]
[Annotator ""]
[Source ""]
[Remark ""]

1.d4 Nf6 2.c4 g6 3.Nc3 d5 4.cxd5 Nxd5 5.Bd2 Bg7 6.e4 Nb6 7.Be3
O-O 8.Bb5 Be6 9.Nf3 Bc4 10.Bxc4 Nxc4 11.Qb3 Nxe3 12.fxe3 b6 13.e5
e6 14.O-O 1/2-1/2

[Event "Moscow Open 2009 A"]
[Site ""]
[Date "2009.02.07"]
[Round "8.29"]
[White "Dvalishvili, Pavel S"]
[Black "Yemelin, Vasily"]
[Result "1/2-1/2"]
[WhiteElo "2480"]
[BlackElo "2578"]
[Annotator ""]
[Source ""]
[Remark ""]

1.e4 e6 2.d4 d5 3.exd5 exd5 4.Bd3 c5 5.dxc5 Bxc5 6.Nf3 Nf6 7.Qe2+
Be6 8.Ng5 Qd6 9.Be3 Bxe3 10.Qxe3 O-O 11.O-O Nc6 12.Nd2 Rfe8 13.Nxe6
Rxe6 14.Qh3 Rc8 15.Rad1 Qb4 16.Nb3 1/2-1/2

[Event "Moscow Open 2009 A"]
[Site ""]
[Date "2009.02.07"]
[Round "8.30"]
[White "Vuckovic, Bojan"]
[Black "Lushenkov, Mikhail"]
[Result "0-1"]
[WhiteElo "2576"]
[BlackElo "2462"]
[Annotator ""]
[Source ""]
[Remark ""]

1.e4 e5 2.Nf3 Nc6 3.Bb5 a6 4.Ba4 Nf6 5.O-O b5 6.Bb3 Bb7 7.d3
Be7 8.Re1 O-O 9.h3 d6 10.a3 Qd7 11.Nc3 Nd4 12.Nxd4 exd4 13.Ne2
c5 14.Ng3 d5 15.exd5 Bxd5 16.Bxd5 Nxd5 17.Qf3 Rfe8 18.Re5 Nc7
19.Nf5 Bd6 20.Rxe8+ Rxe8 21.Bh6 Qe6 22.Nxd6 Qxd6 23.Bf4 Qb6 24.a4
bxa4 25.Rxa4 Ne6 26.b3 Nxf4 27.Qxf4 g6 28.Qf3 Re1+ 29.Kh2 Kg7
30.Rc4 h5 31.h4 Re5 32.g3 Qa5 33.b4 cxb4 34.Qf4 Rd5 35.Qe4 Qb5
36.Rxd4 Rxd4 37.Qxd4+ Kg8 38.Qd8+ Kg7 39.Qd4+ Kh7 0-1

[Event "Moscow Open 2009 A"]
[Site ""]
[Date "2009.02.07"]
[Round "8.31"]
[White "Krylov, Mikhail"]
[Black "Iljushin, Alexei"]
[Result "1-0"]
[WhiteElo "2459"]
[BlackElo "2564"]
[Annotator ""]
[Source ""]
[Remark ""]

1.d4 d5 2.c4 c6 3.Nf3 Nf6 4.Nc3 a6 5.c5 Nbd7 6.Bf4 g6 7.h3 Bg7
8.e3 O-O 9.Be2 Ne8 10.O-O Nc7 11.Bg3 e5 12.dxe5 Nxc5 13.Rc1 N5e6
14.e4 Bh6 15.exd5 cxd5 16.Bh4 g5 17.Bg3 Nf4 18.Bxf4 gxf4 19.Qd4
Be6 20.Na4 Nb5 21.Bxb5 axb5 22.Nc3 Qd7 23.Rfd1 Kh8 24.Nxd5 Rxa2
25.Rc7 Qxd5 26.Qxd5 Bxd5 27.Rxd5 Rxb2 28.Rdd7 Kg8 29.Rxb7 Ra8
30.h4 Bf8 31.Rxf7 h5 32.Ng5 Ra1+ 33.Kh2 Rbb1 34.Rxf4 Rb4 35.Rxb4
Bxb4 36.Rxb5 Be1 37.e6 1-0

[Event "Moscow Open 2009 A"]
[Site ""]
[Date "2009.02.07"]
[Round "8.32"]
[White "Papin, Vasily"]
[Black "Safarli, Eltaj"]
[Result "0-1"]
[WhiteElo "2456"]
[BlackElo "2564"]
[Annotator ""]
[Source ""]
[Remark ""]

1.d4 Nf6 2.c4 g6 3.f3 Nc6 4.d5 Ne5 5.e4 d6 6.Nc3 Bg7 7.Be3 O-O
8.Qd2 c6 9.g4 b5 10.cxb5 cxd5 11.g5 Nh5 12.Nxd5 Bb7 13.O-O-O
Rc8+ 14.Kb1 e6 15.Nc3 Nxf3 16.Nxf3 Bxc3 17.Qd3 Qa5 18.Ka1 Bg7
19.Nd4 e5 20.Nb3 Qa4 21.Bg2 Nf4 22.Bxf4 exf4 23.Rc1 a6 24.b6
Qb4 25.Qd2 Qxb6 0-1

[Event "Moscow Open 2009 A"]
[Site ""]
[Date "2009.02.07"]
[Round "8.33"]
[White "Zherebukh, Yaroslav"]
[Black "Gubajdullin, Alexei"]
[Result "1-0"]
[WhiteElo "2558"]
[BlackElo "2454"]
[Annotator ""]
[Source ""]
[Remark ""]

1.d4 c6 2.c4 f5 3.g3 Nf6 4.Bg2 g6 5.Nc3 Bg7 6.Nh3 Na6 7.Nf4 Rb8
8.O-O b5 9.cxb5 cxb5 10.d5 g5 11.Nd3 b4 12.Na4 Qa5 13.Bxg5 Nxd5
14.e4 Nf6 15.e5 Ng4 16.Re1 Rb5 17.e6 dxe6 18.Bc6+ Kf8 19.h3 Nf6
20.Bxb5 Qxb5 21.Rc1 Qb8 22.Qc2 Bb7 23.Nac5 Nxc5 24.Nxc5 Be4 25.Nxe6+
Kf7 26.Nxg7 Kxg7 27.Qc5 Nd7 28.Qd4+ 1-0

[Event "Moscow Open 2009 A"]
[Site ""]
[Date "2009.02.07"]
[Round "8.34"]
[White "Ponkratov, Pavel"]
[Black "Kuporosov, Viktor"]
[Result "1-0"]
[WhiteElo "2557"]
[BlackElo "2422"]
[Annotator ""]
[Source ""]
[Remark ""]

1.d4 d5 2.c4 c6 3.Nf3 Nf6 4.Nc3 g6 5.Bf4 Bg7 6.e3 O-O 7.Be2 Be6
8.cxd5 Nxd5 9.Be5 Bxe5 10.Nxe5 Nd7 11.Nd3 Nxc3 12.bxc3 Bc4 13.O-O
Qc7 14.f4 e6 15.Bf3 Rad8 16.Rf2 c5 17.Nb2 Ba6 18.Rc1 Nb6 19.Qe1
Qc8 20.Rb1 1-0

[Event "Moscow Open 2009 A"]
[Site ""]
[Date "2009.02.07"]
[Round "8.35"]
[White "Maslak, Konstantin"]
[Black "Balashov, Yuri S"]
[Result "1/2-1/2"]
[WhiteElo "2541"]
[BlackElo "2378"]
[Annotator ""]
[Source ""]
[Remark ""]

1.e4 d6 2.d4 Nf6 3.Nc3 g6 4.f3 c6 5.Be3 b5 6.a4 b4 7.Nb1 Bg7
8.Bd3 O-O 9.Qd2 a5 10.Ne2 Nbd7 11.Bh6 e5 12.Bxg7 Kxg7 13.c3 Rb8
14.O-O Qb6 15.Kh1 Re8 16.Qg5 h6 17.Qg3 Ba6 18.Bxa6 Qxa6 19.Re1
bxc3 20.Nbxc3 Rxb2 21.dxe5 dxe5 22.Qf2 Qc4 23.Nd1 Rd2 24.Qe3
Rd3 25.Nb2 Rxe3 26.Nxc4 Rb3 27.Nxa5 Rb6 28.Rec1 Re6 29.Kg1 Ra6
30.Nb7 Re8 31.Nc5 Nxc5 32.Rxc5 Nd7 33.Rc2 1/2-1/2

[Event "Moscow Open 2009 A"]
[Site ""]
[Date "2009.02.07"]
[Round "8.36"]
[White "Rakhmanov, Aleksandr"]
[Black "Tregubov, Andrei"]
[Result "0-1"]
[WhiteElo "2541"]
[BlackElo "2374"]
[Annotator ""]
[Source ""]
[Remark ""]

1.d4 Nf6 2.c4 c5 3.e3 g6 4.Nc3 Bg7 5.d5 d6 6.Nge2 O-O 7.Nf4 Na6
8.Be2 Bd7 9.g4 Nc7 10.g5 Nfe8 11.h4 e5 12.dxe6 Nxe6 13.Nfd5 N6c7
14.f4 Nxd5 15.cxd5 f5 16.h5 b5 17.Kf2 Nc7 18.Bf3 Qe7 19.Ne2 a5
20.Ng3 a4 21.Rb1 b4 22.Qg1 Kf7 23.Kg2 Nb5 24.Bd2 a3 25.b3 Nc3
26.Bxc3 Bxc3 27.hxg6+ hxg6 28.Rh7+ Bg7 29.e4 fxe4 30.Bxe4 Kg8
31.Qh2 Rxf4 32.Rh1 Qe5 33.Re1 Raf8 34.Bf5 R4xf5 35.Nxf5 Qxh2+
36.Rxh2 Bxf5 37.Rh4 Kf7 0-1

[Event "Moscow Open 2009 A"]
[Site ""]
[Date "2009.02.07"]
[Round "8.37"]
[White "Kharitonov, Alexandr"]
[Black "Rakhimgaliyev, Erlan"]
[Result "1/2-1/2"]
[WhiteElo "2537"]
[BlackElo "2272"]
[Annotator ""]
[Source ""]
[Remark ""]

1.d4 Nf6 2.c4 g6 3.g3 Bg7 4.Bg2 d6 5.Nf3 O-O 6.O-O a6 7.Nc3 Nc6
8.Qd3 Nb4 9.Qd2 Nc6 10.Qd3 Nb4 11.Qd2 Nc6 1/2-1/2

[Event "Moscow Open 2009 A"]
[Site ""]
[Date "2009.02.07"]
[Round "8.39"]
[White "Przybylski, Wojciech"]
[Black "Zinchenko, Yaroslav"]
[Result "1-0"]
[WhiteElo "2337"]
[BlackElo "2527"]
[Annotator ""]
[Source ""]
[Remark ""]

1.e4 c5 2.Nf3 Nc6 3.d4 cxd4 4.Nxd4 Nf6 5.Nc3 d6 6.Bg5 e6 7.Qd2
a6 8.O-O-O h6 9.Be3 Qc7 10.f4 Bd7 11.Bd3 Na5 12.Nf3 b5 13.Bd4
b4 14.e5 Nc6 15.exf6 Nxd4 16.Nd5 Qc5 17.Nxd4 Qxd5 18.Qxb4 gxf6
19.Nxe6 1-0

[Event "Moscow Open 2009 A"]
[Site ""]
[Date "2009.02.07"]
[Round "8.40"]
[White "Grishchenko, Sergey"]
[Black "Zhang, Zhong"]
[Result "1-0"]
[WhiteElo "2423"]
[BlackElo "2656"]
[Annotator ""]
[Source ""]
[Remark ""]

1.d4 Nf6 2.c4 e6 3.Nf3 b6 4.a3 Bb7 5.Nc3 d5 6.cxd5 Nxd5 7.e3
Be7 8.Bb5+ c6 9.Bd3 Nxc3 10.bxc3 c5 11.O-O Qc7 12.e4 O-O 13.Qe2
Nc6 14.Bb2 Rad8 15.Rad1 g6 16.h4 e5 17.d5 Na5 18.c4 f6 19.Nd2
Bc8 20.Qe3 Bd6 21.Be2 Rde8 22.g3 Bh3 23.Rfe1 Qd7 24.Qc3 Qc8 25.Ra1 1-0

[Event "Moscow Open 2009 A"]
[Site ""]
[Date "2009.02.07"]
[Round "8.41"]
[White "Grachev, Boris"]
[Black "Borisenko, Andrei"]
[Result "1-0"]
[WhiteElo "2655"]
[BlackElo "2415"]
[Annotator ""]
[Source ""]
[Remark ""]

1.d4 e6 2.c4 c5 3.d5 exd5 4.cxd5 d6 5.Nc3 a6 6.a4 g6 7.g3 Bg7
8.Bg2 Ne7 9.Nf3 O-O 10.O-O h6 11.Nd2 Nd7 12.Qc2 g5 13.b3 Ng6
14.Bb2 Qe7 15.Rae1 Rb8 16.Nc4 Nde5 17.Nb6 f5 18.e3 f4 19.Nxc8
Rbxc8 20.exf4 gxf4 21.Ne4 Qd7 22.f3 b5 23.Nf2 Qf7 24.axb5 axb5
25.Ne4 Qd7 26.Ra1 Ra8 27.Bxe5 Nxe5 28.Rxa8 Rxa8 29.gxf4 Ng6 30.Nxc5
dxc5 31.Qxg6 Qxd5 32.Bh3 Qd4+ 33.Kh1 Qf6 34.Qe4 Ra1 35.Rxa1 Qxa1+
36.Kg2 Bf8 37.Be6+ Kg7 38.Qe5+ Qxe5 39.fxe5 Kg6 40.f4 1-0

[Event "Moscow Open 2009 A"]
[Site ""]
[Date "2009.02.07"]
[Round "8.42"]
[White "Slugin, Sergey"]
[Black "Bocharov, Dmitry"]
[Result "1-0"]
[WhiteElo "2436"]
[BlackElo "2647"]
[Annotator ""]
[Source ""]
[Remark ""]

1.d4 Nf6 2.c4 e6 3.Nf3 Bb4+ 4.Nbd2 b6 5.a3 Bxd2+ 6.Bxd2 Bb7 7.Bg5
h6 8.Bh4 d6 9.e3 Nbd7 10.Be2 g5 11.Bg3 Ne4 12.O-O g4 13.Bh4 gxf3
14.Bxd8 fxe2 15.Qxe2 Rxd8 16.f3 Nef6 17.e4 e5 18.dxe5 dxe5 19.f4
Nc5 20.fxe5 Nfxe4 21.Qh5 Rd7 22.b4 Ne6 23.Rad1 Re7 24.Rf6 Rg8
25.Rxh6 Nf8 26.g3 Ng5 27.e6 Rxe6 28.Rxe6+ Nfxe6 29.Rd3 Ke7 30.h4
Be4 31.Re3 Nh3+ 32.Kf1 Bg2+ 33.Ke1 Ng1 34.Qh7 Rg6 35.Kf2 1-0

[Event "Moscow Open 2009 A"]
[Site ""]
[Date "2009.02.07"]
[Round "8.43"]
[White "Volkov, Sergey"]
[Black "Lavrik, Dmitry"]
[Result "1-0"]
[WhiteElo "2627"]
[BlackElo "2414"]
[Annotator ""]
[Source ""]
[Remark ""]

1.d4 d5 2.c4 e6 3.Nf3 Nf6 4.e3 c6 5.Nbd2 Nbd7 6.b3 Be7 7.Bd3
O-O 8.Bb2 b6 9.O-O Bb7 10.Qe2 c5 11.Rac1 cxd4 12.exd4 Rc8 13.Bb1
Rc7 14.Ne5 dxc4 15.bxc4 Nxe5 16.dxe5 Nd7 17.Rfd1 g6 18.Be4 Ba6
19.Bf3 Qc8 20.Ne4 Rd8 21.Qe3 Bb7 22.Nd6 1-0

[Event "Moscow Open 2009 A"]
[Site ""]
[Date "2009.02.07"]
[Round "8.44"]
[White "Shvedchikov, Anatoli I"]
[Black "Fedorov, Alexei"]
[Result "0-1"]
[WhiteElo "2409"]
[BlackElo "2619"]
[Annotator ""]
[Source ""]
[Remark ""]

1.c4 g6 2.e4 Bg7 3.d4 Nf6 4.Nc3 d6 5.f3 O-O 6.Be3 e5 7.d5 Nh5
8.Nge2 f5 9.Qd2 a6 10.Nc1 Nd7 11.Nd3 Ndf6 12.Bg5 c5 13.Nf2 f4
14.Ng4 Bd7 15.a4 Qc8 16.Nh6+ Kh8 17.Ra3 Rb8 18.Be2 Ng8 19.Nxg8
Rxg8 20.Qd1 Bf6 21.Bxf6+ Nxf6 22.Kd2 g5 23.h3 h5 24.b3 b6 25.Bd3
Rg6 0-1

[Event "Moscow Open 2009 A"]
[Site ""]
[Date "2009.02.07"]
[Round "8.45"]
[White "Gritsenko, Andrey"]
[Black "Smirnov, Pavel"]
[Result "0-1"]
[WhiteElo "2403"]
[BlackElo "2579"]
[Annotator ""]
[Source ""]
[Remark ""]

1.e4 c5 2.Nf3 d6 3.d4 cxd4 4.Nxd4 Nf6 5.Nc3 a6 6.Bc4 e6 7.Bb3
b5 8.O-O Be7 9.f4 O-O 10.e5 dxe5 11.fxe5 Bc5 12.Be3 Nbd7 13.Qf3
Qb6 14.Nce2 Nxe5 0-1

[Event "Moscow Open 2009 A"]
[Site ""]
[Date "2009.02.07"]
[Round "8.46"]
[White "Grigoriants, Sergey"]
[Black "Novichkov, Valery"]
[Result "1/2-1/2"]
[WhiteElo "2565"]
[BlackElo "2400"]
[Annotator ""]
[Source ""]
[Remark ""]

1.d4 Nf6 2.c4 e6 3.Nc3 Bb4 4.e3 c5 5.Nge2 O-O 6.a3 Bxc3+ 7.Nxc3
d6 8.Be2 Nc6 9.d5 Ne7 10.e4 e5 11.h4 Ne8 12.g4 Ng6 13.Bg5 Qb6
14.Qd2 f6 15.Be3 Bd7 16.h5 Ne7 1/2-1/2